Percorsi del diritto tra Austria e Italia: secoli XVII-XX

Gespeichert in:
Bibliographische Detailangaben
1. Verfasser: Di Simone, Maria Rosa (VerfasserIn)
Format: Buch
Sprache:Italienisch
Veröffentlicht: Milán Dott. A. Giuffrè 2006
Ausgabe:1a. ed
Schriftenreihe:Per la Storia del Pensiero Giuridico Moderno, 67
Schlagworte:
Tags: Tag hinzufügen
Keine Tags, Fügen Sie den ersten Tag hinzu!

MARC

LEADER 00000nam a2200000 a 4500
001 UCJ9381
003 CL-VaPUC
008 070316e20060000IT |||||||||||||||||ita|d
020 |a 8814122814 
082 0 4 |a 340.09  |b DIS  |2 21 
100 0 |a Di Simone, Maria Rosa  |e author  |9 519359 
245 1 0 |a Percorsi del diritto tra Austria e Italia: secoli XVII-XX 
250 |a 1a. ed 
300 |a 374 p 
942 |c BK 
945 |d 20070316 00:00:00  |a cmena 
260 |a Milán  |b Dott. A. Giuffrè  |c 2006 
650 0 |a Historia del derecho  |9 255109 
650 0 |a Derecho europeo  |9 391498 
650 0 |a Teoría del derecho  |9 255982 
650 0 |a Filosofía del derecho   |9 255050 
583 |a last modification  |c 20070316 00:00:00  |k Rodrigo Vera 
490 0 |a Per la Storia del Pensiero Giuridico Moderno, 67 
999 |c 324911  |d 324909 
952 |0 0  |1 0  |2 ddc  |4 0  |6 340_090000000000000_DIS_2006  |7 0  |8 A  |9 405301  |a BIBDER  |b BIBDER  |d 2019-11-22  |i 4323386  |o 340.09 DIS 2006  |p 4323386  |r 2023-01-25  |w 2019-11-22  |y BK  |k DER